00709nam a22001817a 450000500170000001000270001702000260004403500230007003700130009308200150010624501160012126000420023727000700027930000310034950000420038052000800042270000250050220230720163839.0 aENG-112562 ENG-137498 a9789381904626c975.00 aEN-96094 EN-121030 bDBAD/PUB a327.54058100aPakistan and Afghanistan :cedited by Kingshuk Chatterjeebthe (in) stability factor in India's neighbourhood / aNew DelhibKW Publishersc2013(repr.) a4676/21, First Floor, Ansari Road, Daryaganj, bNew Delhie110002 aiv,179p. :c24cm(Hb)bill. a Includes bibliographical references. aPapers presented at a seminar held at University of Calcutta in March 2012. aChatterjee, Kingshuk